Ruby by Woozi all lyrics - Statistics

General Stats
  • This quiz has been taken 10 times
  • The average score is 199 of 300
Answer Stats
Hint Answer % Correct
a
100%
at
100%
Pre-Chorus Baby
100%
Pre-Chorus | outro baby
100%
beautiful
100%
every
100%
girl
100%
go
100%
i
100%
look
100%
red
100%
ruby
100%
shit
100%
time
100%
you
100%
your
100%
youre
100%
dont
75%
from
75%
give
75%
got
75%
in
75%
is
75%
keep
75%
making
75%
me
75%
my
75%
oh
75%
she
75%
the
75%
this
75%
to
75%
too
75%
turning
75%
all
50%
am
50%
and
50%
by
50%
forbidden
50%
gone
50%
has
50%
heart
50%
im
50%
jewel
50%
like
50%
lips
50%
myself
50%
now
50%
of
50%
see
50%
start
50%
up
50%
ya
50%
yeah
50%
away
25%
back
25%
blinded
25%
bloody
25%
blows
25%
calm
25%
cause
25%
close
25%
coke
25%
color
25%
did
25%
down
25%
flamin
25%
fruit
25%
ga
25%
going
25%
happen
25%
how
25%
it
25%
just
25%
knew
25%
lights
25%
mind
25%
not
25%
Verse out
25%
pass
25%
pulling
25%
running
25%
shine
25%
shining
25%
sight
25%
taken
25%
takes
25%
that
25%
think
25%
where
25%
with
25%
would
25%
zero
25%
girls
0%
No matching quizzes found
Score Distribution
Percent of People with Each Score
Percentile by Number Answered
Your Score History
You have not taken this quiz